| 000 | 00938nam a2200301 a 4500 | ||
|---|---|---|---|
| 001 | 000046734 | ||
| 003 | DO-SdBNP | ||
| 005 | 20240905133447.0 | ||
| 008 | 180321s2011 sp a r 000 j spa d | ||
| 020 | _a9788483692103 (o.c) | ||
| 040 |
_aDO-SdBNP _bspa _cBPMSU _erda |
||
| 082 | 4 |
_a808.83 _bC965c 2011 _222 |
|
| 100 | 1 | _aMoltoni, Cecilia Inés | |
| 245 | 0 | 0 |
_aCuenta cuentos _b |
| 260 |
_aMadrid ; _bEquipo Cultural, _c2011 |
||
| 300 |
_a97 páginas _bilustraciones ; _c23 cm. |
||
| 306 | _atexto | ||
| 337 |
_asin medio _2rdamedia |
||
| 338 |
_avolumen _2rdacarrier |
||
| 590 | _aInventariado, 2023/VM | ||
| 650 | 4 |
_aCuentos infantiles _v Colecciones _z |
|
| 650 | 4 |
_aCuentos _xEnseñanza. |
|
| 650 | 4 | _aLibros ilustrados infantiles | |
| 710 | 2 | _aOrganización de Estados Iberoamericanos | |
| 710 | 2 | _aMinisterio de Edudcaciòn (Repúiblica Dominicana) | |
| 910 | _aVMateo V. Control de calidad BPMSU | ||
| 942 |
_2ddc _cBK |
||
| 999 |
_c14800 _d14800 |
||